01239pam a2200253 a 450000100090000000300040000900500170001300800410003001000170007102000180008804000180010604200080012405000130013224500900014524600620023525000120029726000750030930000210038450501760040552003270058165000380090870000180094670000210096416527309OSt20211117152535.0101101s2010 moua b 001 0 eng  a 2010485693 a9780986487446 aDLCcDLCdDLC apcc00aRC71.E2410aThe Edmonton manual: approach to the OSCE. /cEdited by Brent Turner, Nikhil Raghuram3 aApproach to the Objective structured Clinical Examination a4th ed. aEdmonton:bUniversity of Alberta Medical Students' Association,c2015. a457 p. :bill. ; aContents: Essential clinical skills -- Physical exam -- Family medicine -- Internal medicine -- Obstetrics & Gynecology -- Pediatrics --Psychiatry -- Surgery -- PHELO --  aClinical Nursing Skills & Techniques offers clear and comprehensive coverage of over 200 basic, intermediate and advanced skills. Features nearly 1,000 full-color photographs and drawings, a nursing process framework, step-by-step instructions with rationales, and a focus on critical thinking and evidence-based practice. 0aNursingvHandbooks, manuals, etc. qTurner, Brent qRaghuram, Nikhil